000 00297nam a22001337a 4500
008 170713b xxu||||| |||| 00| 0 eng d
020 _a9780674665033
041 _aeng
080 _a101
100 _a24
101 _aFIL
245 _aPHILOSOPHY IN A NEW KEY
_cLANGER.S.K
942 _2udc
_cBK
999 _c20507
_d20507